Vývoj a perspektívy svetovej ekonomiky environmentálne a sociálne východiská konjunktúry

Enregistré dans:
Détails bibliographiques
Auteur principal: Brzica, Daneš
Autres auteurs: Hošoff, Boris, Hvozdíková, Veronika
Format: Livre
Langue:slovaque
Publié: Bratislava Ekonomický ústav Slovenskej akadémie vied 2021
Édition:1. vydanie
Sujets:
Tags: Ajouter un tag
Pas de tags, Soyez le premier à ajouter un tag!

MARC

LEADER 00000nam a2200000 4500
001 0282575
005 20240416114149.0
020 |a 978-80-7144-324-7 
020 |a 978-80-7144-325-4 
041 0 |a slo 
044 |a SK 
245 1 0 |a Vývoj a perspektívy svetovej ekonomiky  |b environmentálne a sociálne východiská konjunktúry  |c Boris Hošoff a kolektív 
250 |a 1. vydanie 
264 1 |a Bratislava  |b Ekonomický ústav Slovenskej akadémie vied  |c 2021 
300 |a 308 s. 
610 2 0 |a hospodárstvo svetové 
610 2 0 |a kríza pandemická 
610 2 0 |a koronakríza 
610 2 0 |a kríza hospodárska 
610 2 0 |a kríza finančná 
610 2 0 |a konjunktúra hospodárska 
610 2 0 |a rast hospodársky 
610 2 0 |a obchod svetový 
610 2 0 |a politika menová 
610 2 0 |a inflácia 
610 2 0 |a financie verejné 
610 2 0 |a rozdiely regionálne 
610 2 0 |a trh práce 
100 1 |a Brzica, Daneš 
700 1 |a Hošoff, Boris 
700 1 |a Hvozdíková, Veronika